000 01122 a2200241 4500
003 Nust
005 20221201093845.0
010 _a 98086761
020 _a0123550459 (acid-free paper)
035 _a(DLC) 98086761
035 _a(OCoLC)41621688
040 _cNust
082 0 0 _a536.7,ABB
100 1 _a Abbott Michael M
_97313
245 1 0 _a Schaum's OutLine of Theory and Problems
_bThermodynamics /
_cMichael M Abbott
260 _aSan Diego :
_b Schaum's Outline Series
_c1981.
300 _axii, 344 p. :
_bill. ;
_c26 cm.
505 _aFundamentals concepts and first Principles (Page-1), The Second law of thermodynamics (Page-33), Mathematical Formulations (Page-64), Properties of pure Substance (Page-96), Equations of State (Page-143), Thermodynamics of flow processes (Page-181), Chemical Thermodynamics (Page-232), Thermodynamics Analysis (Page-311).
650 0 _aThermodynamics.
856 4 2 _3Publisher description
_uhttp://www.loc.gov/catdir/description/els033/98086761.html
856 4 2 _3Table of contents
_uhttp://www.loc.gov/catdir/toc/els032/98086761.html
942 _2ddc
_cBK
_k536.7,ABB
999 _c183971
_d183971